000
00327nam a2200133Ia 4500
008
210210b1995 xxu||||| |||| 00| 0 eng d
082
_a
158 STAH
100
_a
STAPLES (Walter Doyle).
245
_a
How to win the Life.
260
_a
ND
_b
UBSPD Ltd.
_c
1995
300
_a
183+38
690
_a
Applied Psychology
906
_a
050204
999
_c
98590
_d
98590